¿Puede el comunismo coexistir pacificamente con la religión? / (Record no. 182301)

MARC details
000 -LEADER
campo de control de longitud fija 00515nam a2200169 i 4500
001 - NÚMERO DE CONTROL
campo de control 182301
003 - IDENTIFICADOR DE NÚMERO DE CONTROL
campo de control ES-MaACL
005 - FECHA Y HORA DE LA ÚLTIMA TRANSACCIÓN
campo de control 20230906221558.0
008 - DATOS DE LONGITUD FIJA--INFORMACIÓN GENERAL
campo de control de longitud fija 130731s1986 sp |||| | spa d
080 ## - NÚMERO DE LA CLASIFICACIÓN DECIMAL UNIVERSAL
Número de la Clasificación Decimal Universal 272(510)
100 1# - ENTRADA PRINCIPAL--NOMBRE DE PERSONA
Nombre de persona Hao, Chih-wei.
9 (RLIN) 153133
245 11 - MENCIÓN DEL TÍTULO
Título ¿Puede el comunismo coexistir pacificamente con la religión? /
Mención de responsabilidad, etc. por Hao Chih-wei.
260 ## - PUBLICACIÓN, DISTRIBUCIÓN, ETC.
Lugar de publicación, distribución, etc. [S.l.] :
Nombre del editor, distribuidor, etc. Kuang Lu,
Fecha de publicación, distribución, etc. 1986.
300 ## - DESCRIPCIÓN FÍSICA
Extensión 75 p. ;
Dimensiones 19 cm.
650 #4 - PUNTO DE ACCESO ADICIONAL DE MATERIA--TÉRMINO DE MATERIA
Término de materia o nombre geográfico como elemento de entrada Persecuciones religiosas-
Subdivisión geográfica China.
9 (RLIN) 153134
852 ## - LOCALIZACIÓN
Ubicación ES-MaACL
Número de control de estantería 2317-F-3
Holdings
Estatus retirado Estado de pérdida Estado de daño No para préstamo Colección Biblioteca de origen Biblioteca actual Ubicación en estantería Fecha de adquisición Fuente de adquisición Total de préstamos Signatura topográfica completa Código de barras Visto por última vez Precio de reemplazo Tipo de ítem Koha
        Colección de folletos Biblioteca del Ateneo de Madrid Biblioteca del Ateneo de Madrid Depósito folletos 31/07/2013     2317-F-3 1191577 23/02/2023 23/02/2023 Folleto